[Event "IND-ch U14 Girls 34th"]
[Site "Ahmedabad"]
[Date "2022.05.09"]
[Round "2"]
[White "Siyona Judith, C."]
[Black "Shubhi, Gupta"]
[Result "0-1"]
[WhiteElo "1300"]
[BlackElo "1613"]
[PlyCount "110"]
[EventDate "2022.05.09"]
[EventType "swiss"]
[EventRounds "11"]
[EventCountry "IND"]
[SourceTitle "EXT 2023"]
[Source "ChessBase"]
[SourceDate "2022.10.05"]
[SourceVersion "1"]
[SourceVersionDate "2022.10.05"]
[SourceQuality "1"]

1. d4 d5 2. c4 e6 3. Nf3 Nf6 4. e3 Be7 5. Nc3 0-0 6. Bd2 c5 7. Bd3 Nc6 8. cxd5 exd5 9. 0-0 Bg4 10. dxc5 Bxc5 11. Na4 Bd6 12. Be2 Ne4 13. Nc3 Bxf3 14. Bxf3 Nxd2 15. Qxd2 d4 16. Nb5 Bb4 17. Qd3 dxe3 18. Qxe3 Re8 19. Qf4 Qe7 20. a3 Ba5 21. b4 Bb6 22. Rad1 a6 23. Nd6 Bc7 24. Qd2 Red8 25. Nf5 Qe5 26. Nh6+ gxh6 27. Qxh6 Rxd1 28. Rxd1 Qf4 29. Qh5 Rd8 30. Re1 Ne5 31. Be4 Ng6 32. g3 Qd2 33. Rf1 b5 34. Qc5 Qd6 35. Qc2 Bb6 36. Qb1 Qf6 37. Qc2 Re8 38. Bd3 Kg7 39. a4 Ne5 40. Be2 Nf3+ 41. Bxf3 Qxf3 42. Qb2+ Qf6 43. Qc2 Re5 44. a5 Ba7 45. Qd1 Rf5 46. Qg4+ Kf8 47. Qe2 Qe6 48. Qd2 Rh5 49. Qd8+ Kg7 50. h4 Rf5 51. Qd1 Qg6 52. Qa1+ Kg8 53. Qc3 Qg4 54. Qc8+ Kg7 55. Qc3+ Bd4 0-1